Statistics for Guess South American City #1

Click here to take the quiz!

General Stats

  • This quiz has been taken 14 times
  • The average score is 7 of 17

Answer Stats

QuestionHintAnswer% Correct
The largest city in the AmazonMManaus
100%
The city is the largest city in Ecuador and the main commercial portGGuayaquil
93%
BR-116, the country's most important highway, starts in this cityFFortaleza
79%
A city in Venezuela with the same name as one of the European cities.VValencia
71%
The city of birth a seven-time winner of the FIFA Ballon d’OrRRosario
64%
In 1946, with the opening of the 5th Central America and Caribbean Games, President Luis Mariano Ospina Pérez called the city the Golden Gate of Colombia (La Puerta de Oro de Colombia)BBarranquilla
57%
The city is home to the oldest university in South America - in 1613 the Jesuit order founded the Universidad Nacional de ....... here (The dots show the number of letters in the city name)CCordoba
50%
The name of this city from Spanish means tigerEEl Tigre
50%
The 2014 World Cup matches were played in this city. For this purpose, the Arena das Dunas stadium was built - it stood on the site of the demolished Machadão stadium.NNatal
50%
A Colombian city calling itself like one of the countriesAArmenia
36%
The name of this city from Spanish means victoryLLa Victoria
36%
In 2002, the historic center of this city was inscribed on the UNESCO World Heritage ListPParamaribo
29%
The city is situated at the foot of the Imbabura volcano and on the left bank of the Tahuando River. It is approximately 70 kilometers (43 miles) northeast of the capital city of EcuadorIIbarra
7%
A city in eastern Argentina, at the mouth of the Salado River into Parana, in the Pampa area, the capital of the province of the same nameSSanta Fe
7%
The city was the site of the great prehistoric Moche and Chimu cultures before the Inca conquest and subsequent expansionTTrujillo
0%
It is located in the northern region of Minas Gerais, in the Brazilian state of Minas Gerais, in the southeastern region of Brazil. Also, male name derived from a Basque word meaning shepherd or cowherd.UUnai
0%
A city in Colombia, in the department of Cundinamarca. The seat of the diocese of the same name.ZZipaquira
0%

Score Distribution

Percentile by Number Answered

Percent of People with Each Score

Your Score History

You have not taken this quiz